Diario oficial de la República de Chile.

Bibliographic Details
Corporate Author: Empresa Periodística La Nación (Chile)
Format: Libro
Language:Spanish
Published: Santiago, Chile Empresa Periodística La Nación 1877
Subjects:

MARC

LEADER 00000cam a2200000 a 4500
001 030140
003 UAHC_CL
005 20170803123155.0
008 060323s1877 cl j 000 1 spa
040 |a UAHC_CL  |c UAHC_CL  |d UAHC_CL 
245 1 0 |a Diario oficial de la República de Chile. 
260 |b Empresa Periodística La Nación  |c 1877  |a Santiago, Chile 
300 |a v.  |c 38 cm. 
310 |a Diario 
362 0 |a Año 1, no. 1 (mar. 1877)- . 
515 |a Mantiene paginación correlativa durante el año. 
651 4 |a CHILE  |x PUBLICACIONES OFICIALES  |v PUBLICACIONES PERIODICAS 
651 4 |a CHILE  |x POLITICA Y GOBIERNO  |v PUBLICACIONES PERIODICAS 
653 |a DERECHO 
710 1 |a Empresa Periodística La Nación (Chile) 
900 |a DIARIO OFICIAL-38421/06 
942 |c BK 
952 |0 0  |1 0  |4 0  |6 DIARIO_OFICIAL38421_06_000000000000000  |7 0  |8 General  |9 58974  |a BC  |b BC  |c General  |d 2017-08-03  |l 0  |o DIARIO OFICIAL-38421/06  |p 1352928  |r 2019-01-15 00:00:00  |t 1  |w 2017-08-03  |y BK 
999 |c 30140  |d 30140